Prueba de Bielorrusia - Estadísticas

Estadísticas generales
  • Esta prueba ha sido intentada 2.067 veces
  • La puntuación promedio es 11 de 17
Estadísticas de respuestas
Pista Respuesta % Correcto
Idiomas oficiales Ruso
99%
Capital Minsk
97%
País que limita con Bielorrusia al sur Ucrania
91%
País del que Bielorrusia obtuvo su independencia en 1990 Unión Soviética
91%
Idiomas oficiales Bielorruso
88%
Debido a su relativa falta de libertades, a veces se llama a Bielorrusia ... La última {dictadura} en Europa
76%
Rama del cristianismo practicada por el 48,3% de la población Ortodoxia Oriental
76%
Aproximadamente el 20% de las tierras agrícolas de Bielorrusia fueron contaminadas por este desastre de 1986 Chernóbil
74%
El 25,3% de la población de Bielorrusia murió durante este conflicto, el peor de todos los países Segunda Guerra Mundial
71%
Moneda Rublo
66%
Bielorrusia usa este alfabeto Cirílico
64%
Bielorrusia es el único país de Europa que no ha abolido (o aplicado una moratoria) en esta práctica controvertida Pena Capital
52%
El segundo deporte más popular, después del fútbol Hockey sobre hielo
46%
Nombre anticuado de Bielorrusia Rusia {Blanca}
45%
Primer y único presidente de Bielorrusia, desde 1994 Aleksandr Lukashenko
41%
Nombra uno de los tres principales ríos que fluyen a través de Bielorrusia Nieman | Prípiat | Dniéper
34%
Animal nacional {Bisonte} Europeo
29%
No se encontraron pruebas coincidentes
Distribución de puntuación
Porcentaje de gente con cada puntuación
Porcentaje por número respondido
Historial de tus puntuaciones
No has intentado esta prueba.